000 00449nam a2200181Ia 4500
005 20240823014140.0
008 240823s9999||||xx |||||||||||||| ||und||
041 _aENGLISH
082 _A621.3 P3
100 _aMaria Louis M
245 0 _aElements of Electrical Engineering
250 _a4th
260 _c2003
_b"Khanna Publishders,"
_aNew Delhi
500 _aTRANSFERED
650 _aElectrical
_bElectrical
942 _cBK
999 _c169257
_d169257